00605nam a2200181Ia 4500008004100000020001500041041001200056082001600068100001500084245007400099250000800173260002500181300000800206650001600214942000700230999001500237952017100252221030s9999 xx 000 0 und d a0074636391 aEnglish a105.23bHal aD. V. Hall 0aMicroprocessors & Interfacing : Programming & Hardwarecby D. V. Hall a2nd bTMHaNew Delhic1999 a624 aBE Computer cBK c8448d8448 pBE 702g275.00l0o105.23 Halr2024-06-13 00:00:00w2022-10-30yBK003Print4070aMIETLIBbMIETLIBcBL-Academic Block B, FL-1, CUP-128, SH-4, R-4d1999-12-0410HBE